000
00325nam a2200133Ia 4500
008
191201s2011 xx 000 0 und d
082
_a
658.5
_b
PRK
100
_a
KACHRU, Upendra
245
0
_a
Production and Operation Management
260
_a
N. Delhi
_b
Excel Books
_c
2011
300
_a
811
650
_a
MBA
942
_2
ddc
_c
BK
999
_c
3480
_d
3480